| 000 | 01260cam a22003257a 4500 | ||
|---|---|---|---|
| 003 | CHAP | ||
| 005 | 20220329141708.0 | ||
| 008 | 971013s1979 r 00010 d | ||
| 010 | _a72343 | ||
| 011 | _a73315 | ||
| 035 | _a82872 | ||
| 040 | _cCHAP | ||
| 090 | _aFolleto 7449 | ||
| 100 | 0 | 0 |
_aAguirre Rivera, Juan Rogelio. _93029 |
| 245 | 0 | _aMetodología para el registro del conocimiento empírico de los campesinos en relación con el uso de recursos naturales renovables | |
| 260 |
_aSalinas de Hidalgo, S.L.P. : _bColegio de Postgraduados. Centro Regional para Estudios de Zonas Aridas y Semiáridas, _c1979 |
||
| 300 | _a5 h. | ||
| 490 | 0 |
_aDocumento de trabajo del CREZAS-CP _v; 3 |
|
| 590 |
_aBATCH-UPD _b10 _c20130110 _lUCH01 _h0805 |
||
| 590 |
_aBATCH-UPD _b10 _c20130410 _lUCH01 _h0443 |
||
| 590 |
_aBATCH-UPD _b10 _c20130914 _lUCH01 _h1212 |
||
| 590 |
_aCONVERSION _b10 _c20130109 _lUCH01 _h1340 |
||
| 650 | 1 | 4 |
_aAgricultura _xInvestigacion _xRegiones aridas. _91666 |
| 650 | 1 | 4 |
_aInvestigación _xMetodología. _960237 |
| 830 | 0 |
_aDocumento de trabajo del CREZAS-CP _v; 3 _933231 |
|
| 901 | _aBK | ||
| 942 | _cFOLL | ||
| 949 |
_aFolleto 7449 _bBC _cFOLL _d-37140 _eTS1 _i82872 _mD. _si |
||
| 949 |
_aFolleto 7449 _bBC _cUACH _d-37141 _eUACH _fc.2 _i82872 _mD. _si |
||
| 999 |
_c72343 _d72343 |
||